Statistiken für Bundesländer nach Bild

Klicken Sie hier um das Quiz zu spielen!

Allgemein

  • Dieses Quiz wurde 5.312 mal gespielt
  • Das Durchschnittsergebnis liegt bei 12 aus 16

Antwortstatistiken

Antwort% Korrekt
Bremen
94%
Nordrhein-Westfalen
91%
Berlin
86%
Brandenburg
86%
Niedersachsen
86%
Hamburg
84%
Baden-Württemberg
83%
Bayern
83%
Mecklenburg-Vorpommern
72%
Thüringen
70%
Sachsen
67%
Schleswig-Holstein
67%
Rheinland-Pfalz
60%
Saarland
59%
Sachsen-Anhalt
57%
Hessen
55%

Verteilung der Resultate

Perzentil nach korrekt beantworteten Fragen

Anzahl Personen mit jedem Resultat

Ihre Resultats-Entwicklung

Sie haben dieses Quiz noch nicht gespielt